Споменица о преносу праха Вука Стеф. Караджича из Беча у Београд 1897 (Запис номер 344297)
[ съкратено ]
| 000 -Лидер | |
|---|---|
| Контролно поле с фиксирана дължина | 01142nam a2200277 c 4500 |
| 003 - Код на организацията, давaща контролен номер | |
| Контролно поле | BLK |
| 005 - Дата и час на последна редакция | |
| Контролно поле | 20210809134830.0 |
| 008 - Елементи от данни с фиксирана дължина | |
| fixed length control field | 180911b bul|||||r ||||||| ||bul|| |
| 010 ## - Наследен системен номер | |
| LC control number | 003962 |
| 040 ## - Източник на каталожния запис | |
| Идентификатор на билиотеката - собственик на записа | BLK |
| 041 ## - Код за език | |
| Код за езика на текст/звукозапис или на отделно заглавие | Сръбски |
| Код за езика КДБФ | Български |
| 080 ## - УДК | |
| Текстов определител УДК | Караджич, Вук |
| УДК определител | 92 |
| УДК - код + определител | 808.61(092)92 |
| 100 1# - Редна дума - Автор | |
| Автор | Гаврилович, Андра |
| R(LIN) | 400298 |
| 245 00 - Сведения за заглавието | |
| Заглавие | Споменица о преносу праха Вука Стеф. Караджича из Беча у Београд 1897 |
| 260 ## - Област на издателските данни | |
| Място на издаване, разпространение и проч. | Београд |
| Име на издателя, разпространителя и проч. | Српска Кральевска академия |
| Година на издаване | 1898 |
| 300 ## - Физическа характеристика | |
| Страници | 389 с., 2 л |
| Илюстрации и др. | портр. |
| Размери/Мащаб | 24 см |
| 380 ## - Жанр | |
| Жанр | Езикознание. Филология |
| 490 ## - СЕРИИ (Колекции) | |
| Име на серия | Частна колекция - Академик Михаил Арнаудов |
| Бележки за серията | Дарение - Основен фонд |
| 500 ## - Общи забележки | |
| Забележка | Печат на сръбска кралска гимназия във Велес.; |
| 520 ## - Забележка за наличие на резюме, анотация и т.н | |
| Анотация, рецензия, сканиран текст | Михаил Арнаудов: на други лица-книга |
| 650 ## - Допълнително описание по предмет – тема | |
| Основно описание – тема или топоним | Биографии |
| 9 (RLIN) | 148657 |
| 655 ## - Ключова дума – жанр/разновидност | |
| Данни за жанр/разновидност или ключова дума за фокус | Езикознание |
| 700 1# - Други автори (авторска отговорност) | |
| Лично име | Андра Гаврилович |
| 9 (RLIN) | 400299 |
| 852 ## - Местоположение | |
| Форматна сигнатура | МА 4286 |
| 999 ## - СИСТЕМНИ КОНТРОЛНИ НОМЕРА | |
| Koha biblionumber | 344297 |
| Koha biblioitemnumber | 344297 |
| 942 ## - АРТИКУЛИ | |
| Вид на библиотечния материал | Книги |
| Скрит в OPAC | Не |
| Периодичен библиозапис | Да |
| 944 ## - СЪЗДАВАНЕ И РЕДАКЦИЯ на ЗАПИСА | |
| Създаване/Редакция | Създаване |
| Дата на регистрацията/редакция | 1994 |
| 999 ## - СИСТЕМНИ КОНТРОЛНИ НОМЕРА | |
| Koha biblioitemnumber | 344297 |
| Код за отписване | Код за изгубен артикул | Източник на класификационната схема | Код за повреда | Коз за рестрикции | Код за отдаване | Артикулен № | Име на библиотеката - собственик | Име на библиотеката, в която се намира в момента | Статус (Текущо местоположение) | Местоположение - отдел | Цена в лева | Инвентарен номер | Систематично азбучна сигнатура | Баркод | Номер на екземпляра | Цена в евро | Служебен тип на артикула |
|---|---|---|---|---|---|---|---|---|---|---|---|---|---|---|---|---|---|
| Не е изгубен | Universal Decimal Classification | Не е повреден | без рестрикции | Специални фондове ( старопечатни, редки и ценни, фонд М. Арнаудов) | 744686 | Регионална библиотека "Любен Каравелов" Русе | Регионална библиотека "Любен Каравелов" Русе | Фонд "Михаил Арнаудов" | Фонд "Михаил Арнаудов" | 10.00 | 590257 | МА 4286 | 120000590257 | 1 | 5.11 | Книги |